Los consejos comunales en Venezuela: entre el gobierno de los hombres y la administración de las cosas /
Sparad:
| Huvudupphovsman: | |
|---|---|
| Övriga upphovsmän: | |
| Materialtyp: | Text |
| Taggar: |
Lägg till en tagg
Inga taggar, Lägg till första taggen!
|
MARC
| LEADER | 00000 a a2200000 04500 | ||
|---|---|---|---|
| 001 | 46833 | ||
| 003 | |||
| 040 | |||
| 100 | |a León Alvarez, María Elena | ||
| 245 | |a Los consejos comunales en Venezuela: |b entre el gobierno de los hombres y la administración de las cosas / |c María Elena León Alvarez, Armando Chaguaceda Noriega | ||
| 700 | |a Chaguaceda Noriega, Armando | ||
| 773 | |a volumen1, páginas 213-235 | ||
| 999 | |c 33419 |d 33419 | ||
